000 00662nam a2200301Ia 4500
005 20260401122157.0
008 008 250103s9999 xx 000 0 eng d
020 _a8126010711
037 _aTB
040 _aEDL
040 _beng
040 _cEDL
041 _2eng
041 _aeng
084 _a894.8143 RAM
084 _qEDL
100 _aRamachandran, C.N.
_91232822
245 0 _aK.Shivarama Karanth
245 0 _cRamachandran, C.N.
260 _aNew Delhi
260 _bSahitya Akademi
260 _c2001
300 _a129p
942 _cTB
942 _h894.8143 RAM
999 _c1845426
_d1845426